| 000 | 00667cam a2200217 i 4500 | ||
|---|---|---|---|
| 005 | 20260502113947.0 | ||
| 020 | _a9780070600935 | ||
| 041 | _aENG | ||
| 082 | 0 | 0 |
_a658.404 _bGRA |
| 100 | 1 | _aGray, Clifford F. | |
| 245 | 1 | 0 |
_aProject management : _bthe managerial process / _cClifford F. Gray, Erik W. Larson. |
| 250 | _aSixth edition. | ||
| 260 |
_aNew Delhi : _bMcGraw-Hill Education , _c2008. |
||
| 300 |
_axvii, 561 pages : _billustrations ; _c24 cm. |
||
| 504 | _aIncludes bibliographical references and index. | ||
| 650 | 0 | _aProject management. | |
| 650 | 0 | _aTime management. | |
| 650 | 0 | _aRisk management. | |
| 700 | 1 | _aLarson, Erik W., | |
| 942 |
_2ddc _cBK |
||
| 999 |
_c24320 _d24320 |
||